| 000 | 00661nam a22002057a 4500 | ||
|---|---|---|---|
| 999 |
_c12462 _d12462 |
||
| 003 | AR-CdUCM | ||
| 008 | 190409b ||||| |||| 00| 0 spa d | ||
| 040 |
_aMUNICIPALIDAD PROVINCIAL DEL CUSCO _cBIBLIOTECA MUNICIPAL DEL CUSCO |
||
| 082 |
_22ed. _aC / 869.56 / _bN56 |
||
| 100 |
_aNieto, Luis _911864 |
||
| 245 |
_aRomancero : _bdel pueblo en armas / |
||
| 260 |
_aCusco : _bEdiciones "El Fusil y la Guitarra", _c1981. |
||
| 300 |
_a79 páginas ; _bilustraciones, retrato, _c19 cm. |
||
| 505 | _aContenido: Poemas. | ||
| 650 |
_aLiteratura Peruana _9132 |
||
| 650 |
_aPoemas _9929 |
||
| 650 |
_aSiglo XX _98 |
||
| 942 |
_2ddc _cLIBROS |
||
| 945 |
_aachl _d2019-04-09 |
||